Kabale University Library Catalogue

Curriculum development for medical education : (Record no. 5969)

MARC details
000 -LEADER
fixed length control field 00770cam a2200217 i 4500
005 - DATE AND TIME OF LATEST TRANSACTION
control field 20260203125505.0
008 - FIXED-LENGTH DATA ELEMENTS--GENERAL INFORMATION
fixed length control field 211004s2022 mdua b 001 0 eng
020 ## - INTERNATIONAL STANDARD BOOK NUMBER
International Standard Book Number 9781421444109
020 ## - INTERNATIONAL STANDARD BOOK NUMBER
International Standard Book Number 1421444100
040 ## - CATALOGING SOURCE
Original cataloging agency KABLIB
Language of cataloging eng
Description conventions rda
Transcribing agency KABLIB
082 00 - DEWEY DECIMAL CLASSIFICATION NUMBER
Classification number 610.71
Edition number 23
Item number CUR
245 00 - TITLE STATEMENT
Title Curriculum development for medical education :
Remainder of title a six-step approach /
Statement of responsibility, etc. edited by Patricia A. Thomas ... [et al.]
250 ## - EDITION STATEMENT
Edition statement 4th ed.
260 ## - PUBLICATION, DISTRIBUTION, ETC.
Place of publication, distribution, etc. Baltimore :
Name of publisher, distributor, etc. Johns Hopkins University Press,
Date of publication, distribution, etc. c2022
300 ## - PHYSICAL DESCRIPTION
Extent xiv, 372 p. :
Other physical details ill. ;
Dimensions 26 cm.
504 ## - BIBLIOGRAPHY, ETC. NOTE
Bibliography, etc. note Includes bibliographical references, index.
650 12 - SUBJECT ADDED ENTRY--TOPICAL TERM
Topical term or geographic name entry element Curriculum
9 (RLIN) 15049
650 12 - SUBJECT ADDED ENTRY--TOPICAL TERM
Topical term or geographic name entry element Education, Medical
9 (RLIN) 15050
700 1# - ADDED ENTRY--PERSONAL NAME
Personal name Thomas, Patricia A.
Fuller form of name (Patricia Ann),
Dates associated with a name 1950-
Relator term editor.
9 (RLIN) 15051
942 ## - ADDED ENTRY ELEMENTS (KOHA)
Source of classification or shelving scheme Dewey Decimal Classification
Koha item type Book
Holdings
Withdrawn status Lost status Source of classification or shelving scheme Damaged status Not for loan Home library Current library Shelving location Date acquired Source of acquisition Total Checkouts Full call number Barcode Date last seen Price effective from Koha item type
    Dewey Decimal Classification     Education Library Education Library Open Access Section 03.02.2026 Purchased   610.71 CUR 14037 03.02.2026 03.02.2026 Book
    Dewey Decimal Classification     Education Library Education Library Open Access Section 03.02.2026 Purchased   610.71 CUR 14038 03.02.2026 03.02.2026 Book

Kabale University Library | Kabale University P.O Box 317, Kabale, Uganda
Tel : +256754017033, +256774661503 E-mail : library@kab.ac.ug